00534cam a22001093a 4500020001700000100001800017245002500035260003500060300001300095500001900108520029700127 a0590519700 :1 aWatson, Jude.14aThe captive temple / aNew York :bScholastic,c2000. a132 p. ; a"Lucas Books." aThe Jedi Temple is under attack. An attempt has been made to kill Yoda. A dangerous intruder has infiltrated the Jedi. Everyone is under suspicion, and no one is safe. Obi-Wan Kenobi and Qui-Gon Jim must get to the heart of the conspiracy or watch the Temple be destroyed from the inside.